Women's peacecast V: (Record no. 4933)

MARC details
000 -LEADER
fixed length control field 00838nam a22002177a 4500
003 - CONTROL NUMBER IDENTIFIER
control field LK-CoMWRAF
005 - DATE AND TIME OF LATEST TRANSACTION
control field 20240624104707.0
008 - FIXED-LENGTH DATA ELEMENTS--GENERAL INFORMATION
fixed length control field 240624b2003 |||||||| |||| 00| 0 eng d
040 ## - CATALOGING SOURCE
Original cataloging agency LK-CoMWRAF
Modifying agency LK-CoMWRAF
Description conventions LK-CoMWRAF
041 ## - LANGUAGE CODE
Language code of text/sound track or separate title English
082 ## - DEWEY DECIMAL CLASSIFICATION NUMBER
Classification number 305.42
Item number WOM
942 ## - ADDED ENTRY ELEMENTS (KOHA)
Koha item type Books
110 ## - MAIN ENTRY--CORPORATE NAME
Corporate name or jurisdiction name as entry element Women Living Under Muslim Laws (WLUML)
710 ## - ADDED ENTRY--CORPORATE NAME
Corporate name or jurisdiction name as entry element Feminist International Radio Endeavor (FIRE)
245 ## - TITLE STATEMENT
Title Women's peacecast V:
Remainder of title in search of justice, human rights and a just peace- women activities from the network WLUML exchange feminist perspectives in the aftermath of 9/11
260 ## - PUBLICATION, DISTRIBUTION, ETC. (IMPRINT)
Place of publication, distribution, etc. London:
Name of publisher, distributor, etc. WLUML,
Date of publication, distribution, etc. 2003
300 ## - PHYSICAL DESCRIPTION
Extent 48 p. ; 21 cm
490 ## - SERIES STATEMENT
Series statement WLUML Occasional paper
Volume/sequential designation No.13
856 ## - ELECTRONIC LOCATION AND ACCESS
Uniform Resource Identifier <a href="https://wrrc.wluml.org/sites/wluml.org/files/import/english/pubs/pdf/occpaper/OCP-13.pdf">https://wrrc.wluml.org/sites/wluml.org/files/import/english/pubs/pdf/occpaper/OCP-13.pdf</a>
650 ## - SUBJECT ADDED ENTRY--TOPICAL TERM
Topical term or geographic name as entry element MUSLIM WOMEN-Attitudes
Holdings
Withdrawn status Lost status Damaged status Not for loan Permanent Location Current Location Date acquired Full call number Barcode Koha item type
        Resource center, Muslim Women's Research And Action Forum Resource center, Muslim Women's Research And Action Forum 2024-06-24 305.42 WOM RAF5308 Books

Copyright © 2023 Muslim Women's Research and Action Forum (MWRAF), No 27/3, Anderson Road, Kalubowila, Dehiwela. Funded by The Asia Fundation